| 000 | 01207nam a2200337 i 4500 | ||
|---|---|---|---|
| 001 | 000016212 | ||
| 003 | DO-SdBNP | ||
| 005 | 20250919084007.0 | ||
| 007 | ta | ||
| 008 | 100301s1988 dr 001 0 spa d | ||
| 040 |
_aDO-SdBNP _bspa _cBNPHU _erda |
||
| 041 | _aspa | ||
| 082 | 4 |
_a347.729305 _bP438p 1988 _222 |
|
| 100 | 1 |
_aPèrez Mèndez, Artagnan, _d1929-2017 _eautor _4aut. _977104 |
|
| 245 | 1 | 0 |
_aProcedimiento civil / _cArtagnan Pérez Méndez ; presentación, Jottin Cury. |
| 250 | _aSegunda edición | ||
| 264 | 1 |
_aSanto Domingo : _bTaller, _c1988. |
|
| 300 |
_avolumen ; _c24 cm. |
||
| 336 |
_atexto _btxt _2rdacontent |
||
| 337 |
_asin mediación _bn _2rdamedia |
||
| 338 |
_avolumen _bnc _2rdacarrier |
||
| 500 | _aIncluye índice | ||
| 500 | _aIncluye referencias bibliograficas y notas al pie de las páginas | ||
| 500 | _aLa biblioteca posee el v.2 | ||
| 505 | 0 |
_av.2 _tLos incidentes; procedimientos diversos; los gastos de la instancia y la asistencia judicial ; el arbritaje. |
|
| 590 | _aInventariado, 2023/MFF | ||
| 650 | 4 |
_aProcedimiento civil _zRepública Dominicana _916575 |
|
| 700 | 1 |
_aCury, Jottin _910227 |
|
| 910 | _aValidado. Control de calidad MFF | ||
| 942 |
_2ddc _cLBS1 |
||
| 999 |
_c15750 _d15750 |
||